BRAWLER - Statistics

Statistiche generali
  • Questo quiz è stato fatto 90 volte
  • Il punteggio medio è 45 su 76
Statistiche sulle risposte
Hint Risposta % Corretto
RARO SHELLY
97%
RARO COLT
94%
RARO BULL
91%
RARO EL PRIMO
89%
EPICO BO
88%
LEGGENDARIO LEON
86%
RARO POCHO
84%
LEGGENDARIO CORVO
83%
LEGGENDARIO SPIKE
83%
RARO ROSA
78%
RARO BOMBARDINO
77%
SUPER RARO JESSIE
77%
RARO BROCK
75%
EPICO FRANK
75%
RARO NITA
75%
SUPER RARO STECCA
75%
EPICO EDGAR
73%
MITICO MORTIS
73%
EPICO PAM
72%
LEGGENDARIO AMBRA
69%
SUPER RARO DYNAMIKE
69%
EPICO PIPER
69%
SUPER RARO PENNY
67%
LEGGENDARIO SANDY
67%
SUPER RARO 8-BIT
66%
SUPER RARO BARRYL
66%
LEGGENDARIO ENERGETIK
66%
EPICO EMZ
64%
EPICO GELINDO
63%
LEGGENDARIO KIT
63%
MITICO TARA
63%
EPICO BIBI
61%
SUPER RARO CARL
61%
LEGGENDARIO MEG
61%
LEGGENDARIO CORDELIUS
58%
SUPER RARO JACKY
58%
EPICO MANDY
56%
SUPER RARO TICK
56%
SUPER RARO GUS
55%
MITICO LOU
55%
EPICO BEA
53%
MITICO BUZZ
53%
MITICO EUGENIO
52%
MITICO SEMINO
52%
LEGGENDARIO CHESTER
50%
MITICO CHUCK
50%
EPICO COLETTE
50%
MITICO FANG
50%
EPICO GROM
50%
EPICO HANK
50%
EPICO SAM
50%
EPICO STU
50%
MITICO BYRON
48%
EPICO IRIS
48%
MITICO MICO
47%
MITICO MISTER P
47%
MITICO RINGHIO
47%
EPICO BELLE
45%
MITICO MAXINE
45%
EPICO BONNIE
44%
MITICO BUSTER
44%
MITICO EVE
42%
MITICO JANET
42%
EPICO LARRY E LAWRIE
42%
MITICO SQUEAK
42%
MITICO R-T
41%
MITICO WILLOW
41%
EPICO ASH
39%
MITICO DOUG
39%
MITICO GRAY
39%
EPICO GRIFF
39%
EPICO PEARL
39%
MITICO CHARLIE
38%
EPICO LOLA
38%
EPICO MAISIE
34%
MITICO OTIS
34%
Nessun quiz corrispondente trovato
Distribuzione punteggi
Percentuale di utenti per punteggio
Percentile per numero di risposta
I tuoi punteggi nel tempo
Non hai fatto questo quiz